[Event "SapporoSummer2016"]
[Site "?"]
[Date "2016.07.30"]
[Round "1.1"]
[White "Watanabe, Katsuki"]
[Black "Sugimoto, Koichi"]
[Result "0-1"]
[WhiteElo "1612"]
[BlackElo "2040"]
[Annotator "Fritz 15 (30s)"]
[PlyCount "40"]

{B01: Scandinavian Defence} 1. e4 d5 2. exd5 Qxd5 3. Nc3 Qd6 4. Nf3 Nf6 5. Bc4
a6 6. h3 (6. d4 e6 7. Qe2 b5 8. Bd3 Bb7 9. O-O Be7 10. a4 b4 11. Ne4 Qd5 12.
Nxf6+ Bxf6 13. c4 bxc3 14. bxc3 O-O 15. Rb1 Bc6 16. c4 Qh5 17. Be4 Qg4 18. d5
exd5 19. cxd5 Re8 20. Rb4 Bxd5 {Crosa Coll,M (2384)-Giaccio,A (2517)
Montevideo 2002 1-0}) (6. d3 Nc6 7. a3 b5 8. Bb3 Bb7 9. Qe2 e6 10. Bg5 h6 11.
Be3 Be7 12. O-O Ne5 13. Nxe5 Qxe5 14. d4 Qf5 15. Rad1 Rd8 16. Qd3 Qh5 17. Bf4
c5 18. Nxb5 O-O 19. Nc3 Rxd4 20. Qe2 Rxf4 {Elistratov,S (2251)-Kozionov,K 
(2387) Voronezh 2014 0-1 (35)}) 6... b5 7. Bb3 Bb7 $146 (7... c5 8. d3 Bb7 9.
O-O e6 10. a4 b4 11. Ne2 Bxf3 12. gxf3 Nbd7 13. Bf4 Qc6 14. Kg2 h5 15. a5 Bd6
16. Ba4 Qc7 17. Qd2 Nd5 18. Bxd6 Qxd6 19. c4 Ne7 20. d4 Nf5 21. Rfd1 Nh4+ 22.
Kf1 {Ricaurte Lopez,J (2353)-Morejon Rodriguez,E (2173) Cali 2001 1-0}) 8. d3 {
Consolidates e4} e6 {Covers d5} 9. O-O Be7 10. Qe2 c5 11. a3 (11. Rd1 O-O $11)
11... Nc6 12. Ne4 {White threatens to win material: Ne4xd6} Qc7 13. a4 O-O 14.
axb5 axb5 15. Bg5 $2 (15. Rxa8 $142 {and White is still in the game} Rxa8 16.
c3 $15) 15... Nxe4 $19 16. Bxe7 Qxe7 17. dxe4 (17. Qxe4 Nd4 18. Qe3 Bxf3 19.
gxf3 Qf6 $19) 17... c4 $19 18. Bxc4 bxc4 19. Qxc4 (19. Rxa8 Bxa8 20. Qxc4 Qb4
$19) 19... Qb4 20. Qxb4 Nxb4 0-1

[Event "SapporoSummer2016"]
[Site "?"]
[Date "2016.07.30"]
[Round "1.2"]
[White "Yamanouchi, Kento"]
[Black "Kanamaru, Tomoji"]
[Result "1-0"]
[WhiteElo "1996"]
[BlackElo "1586"]
[Annotator "Fritz 15 (30s)"]
[PlyCount "41"]

{A03: Bird's Opening with 1...d5} 1. Nf3 d5 2. b3 c5 3. Bb2 Nc6 4. e3 e6 5. Bb5
Bd7 6. O-O Nf6 7. d3 Be7 8. Bxc6 Bxc6 9. Ne5 Rc8 10. f4 O-O 11. Nd2 b5 (11...
Nd7 12. Nxc6 Rxc6 13. e4 f5 14. Qe2 Bf6 15. Bxf6 Nxf6 16. Rae1 dxe4 17. dxe4
Qd4+ 18. Kh1 Nxe4 19. Nxe4 Qxe4 20. Qxe4 fxe4 21. Rxe4 Rd8 22. Kg1 Rd4 23. Rfe1
Rxe4 24. Rxe4 Kf7 25. Kf2 {1/2-1/2 (25) Balashov,Y (2510)-Sveshnikov,E (2560)
Elista 1997}) 12. Nxc6 (12. Rf3 c4 13. Rh3 Bb7 14. Bd4 Bc5 15. Ndf3 Bxd4 16.
Nxd4 cxd3 17. cxd3 a6 18. Qe1 Qd6 19. Qh4 Rfd8 20. g4 Qa3 21. g5 Rc1+ 22. Rxc1
Qxc1+ 23. Kf2 Qd2+ 24. Ne2 d4 25. gxf6 dxe3+ 26. Rxe3 {1-0 (26) Schlamp,R 
(2333)-Stelzer,H (2228) Frankfurt 2008}) 12... Rxc6 13. Qf3 Qc7 $146 (13... Rc8
14. Qh3 c4 15. Nf3 c3 16. Bc1 Qb6 17. g4 Bc5 18. Re1 Qb7 19. g5 Ne8 20. Kg2 a5
21. a4 b4 22. Ne5 Nd6 23. Qf3 f6 24. Ng4 fxg5 25. e4 dxe4 26. dxe4 gxf4 27. Ne5
Bd4 {0-1 (27) Hernandez,A (2325)-Bruzon Batista,L (2325) Matanzas 1998}) 14. g4
(14. a4 b4 $11) 14... Rd8 (14... d4 15. a4 a6 16. e4 $11) 15. g5 {White
threatens to win material: g5xf6} Ne8 16. Qh5 {Black king safety dropped} (16.
a4 a6 $11) 16... g6 {Black threatens to win material: g6xh5} (16... c4 17. Be5
Bd6 18. bxc4 bxc4 19. Nf3 $15) 17. Qh4 (17. Qe2 c4 18. dxc4 dxc4 19. bxc4 Nd6
$11) 17... Bf8 (17... c4 18. Be5 Qb6 19. Rf3 $15) 18. Nf3 Ng7 (18... Ra6 19.
Be5 Nd6 20. Qe1 $11) 19. Ne5 $14 {White threatens to win material: Ne5xc6} Rcd6
$2 (19... Nf5 $142 $5 {and Black can hope to survive} 20. Qh3 d4 21. Nxc6 Qxc6
22. exd4 cxd4 $11) 20. Ng4 $16 Nf5 $4 {the position was bad, and this mistake
simply hastens the end} (20... Ne8 $142 21. Be5 Qe7 $16) 21. Nf6+ (21. Nf6+ Kg7
22. Qxh7#) 1-0

[Event "SapporoSummer2016"]
[Site "?"]
[Date "2016.07.30"]
[Round "1.3"]
[White "Yamamoto, Eisei"]
[Black "Manabe, Hiroaki"]
[Result "0-1"]
[WhiteElo "1554"]
[BlackElo "1760"]
[Annotator "Fritz 15 (30s)"]
[PlyCount "54"]

{E24: Nimzo-Indian: S舂isch: Unusual Black 5th moves and 5...c5 sidelines} 1.
d4 Nf6 2. c4 e6 3. Nf3 b6 4. Nc3 Bb4 5. a3 Bxc3+ 6. bxc3 c5 $146 (6... Bb7 7.
Bg5 (7. e3 Ne4 8. Bd3 f5 9. Qc2 O-O 10. O-O d6 11. Bb2 Nd7 12. Rad1 Rf6 13. Ne1
Rh6 14. f3 Qh4 15. h3 Qg5 16. Bc1 Ng3 17. Rf2 Nf6 18. Qd2 Rh4 19. Qa2 Nfh5 20.
Kh2 Rf8 21. e4 f4 {Moussa,A (2205)-Panchanathan,M (2549) Las Vegas 2010 0-1})
7... h6 8. Bh4 g5 9. Bg3 Ne4 10. Qc2 d6 11. Nd2 Nxg3 12. hxg3 Nd7 13. e4 Qe7
14. a4 a5 15. Bd3 h5 16. f3 O-O-O 17. O-O-O Rdg8 18. Nb3 g4 19. f4 h4 20. gxh4
Rxh4 21. g3 {Hayrapetyan,H (2426)-Sjugirov,S (2664) St Petersburg 2014 0-1 (72)
}) (6... h6 7. e3 Bb7 8. Be2 O-O 9. O-O Nc6 10. Qc2 d6 11. Nd2 Na5 12. f3 e5
13. Nb3 Nxb3 14. Qxb3 e4 15. f4 Bc8 16. h3 a5 17. Bd2 a4 18. Qc2 Ra5 19. Be1
Qe7 20. Bh4 g5 21. fxg5 {Golda,H (2291)-Lentrodt,T (2233) Bad Neustadt/Saale
2008 1-0 (47)}) (6... Ba6 7. Nd2 $11) 7. Bg5 Bb7 8. e3 h6 9. Bh4 d6 {Controls
e5} 10. Bd3 Nbd7 11. O-O O-O 12. Re1 e5 13. d5 {White gets more space} (13. Nd2
cxd4 14. cxd4 Re8 $14) 13... g5 $11 {Black threatens to win material: g5xh4}
14. Bg3 (14. Nxg5 $142 $5 {and White can hope to live} hxg5 15. Bxg5 $11) 14...
e4 $17 15. Bxd6 Re8 16. Bc2 exf3 17. Qxf3 Ne5 18. Bxe5 Rxe5 19. e4 (19. Qh3 Kg7
$17) 19... Qd6 20. Qh3 (20. Re3 Rae8 $17) 20... Kg7 21. g3 (21. Qd3 $5 $17)
21... g4 $19 22. Qg2 Ba6 23. Bd3 Rae8 24. f4 gxf3 25. Qxf3 Bc8 26. Qg2 $2 (26.
Re3 $142 $19) 26... Bf5 $3 {Deflection: e4} 27. Ra2 (27. exf5 Rxe1+ {Decoy
Deflection Pinning}) 27... Bxe4 (27... Bxe4 28. Bxe4 Nxe4 $19) 0-1

[Event "SapporoSummer2016"]
[Site "?"]
[Date "2016.07.30"]
[Round "1.4"]
[White "Sato, Yasuji"]
[Black "Ito, Katsuhide"]
[Result "1-0"]
[WhiteElo "1630"]
[BlackElo "1449"]
[Annotator "Fritz 15 (30s)"]
[PlyCount "67"]

{B30: Sicilian: 2...Nc6 3 Bb5, lines without ...g6} 1. e4 c5 2. Nf3 Nc6 3. Bc4
e6 4. c3 Nf6 $146 {Black threatens to win material: Nf6xe4} (4... d5 5. exd5
exd5 6. Qe2+ Be7 7. Bb5 Nf6 8. d4 O-O 9. h3 Bd6 10. O-O Re8 11. Qd1 Ne4 12.
Nbd2 Bd7 13. dxc5 Bxc5 14. Bd3 Qc7 15. Nb3 Bb6 16. Bc2 Bxh3 17. Nfd4 Nxd4 18.
Nxd4 Bd7 19. Be3 {Alishani,I (2180)-Dancevski,O (2398) Skopje 2011 0-1 (58)})
5. e5 {White threatens to win material: e5xf6} Ng4 (5... d5 6. Be2 Nd7 7. d4
$11) 6. d4 $14 d5 7. exd6 Qxd6 8. Ng5 (8. h3 Nf6 $11) 8... h5 (8... Nf6 $142 $5
$15 {is worth looking at}) 9. Ne4 $14 {White threatens to win material: Ne4xd6.
White forks: c5+d6} Qd8 10. Be3 $4 {gives the opponent new chances} (10. h3
$142 Nf6 11. Nxc5 $16) 10... cxd4 $17 11. cxd4 Bb4+ (11... f5 12. Nec3 $17) 12.
Nbc3 $15 Nxe3 {Black forks: c4, g2+d1} (12... f5 13. Bg5 Qxd4 14. Qxd4 Nxd4 15.
Rd1 fxe4 16. Rxd4 $15) 13. fxe3 $11 {Black has the pair of bishops} Qh4+ 14.
Nf2 e5 {Black threatens to win material: e5xd4} 15. Qf3 {White threatens to
win material: Qf3xf7} Qe7 (15... O-O $142 {and Black could well hope to play on
} 16. g3 Qg5 $15) 16. O-O $16 O-O $2 (16... Bxc3 $142 $5 17. bxc3 f5 $16) 17.
Qxh5 $18 exd4 (17... Bxc3 18. bxc3 exd4 19. exd4 Nd8 $18) 18. Nd5 (18. Nfe4
$142 {a pity that White didn't try this} Be6 19. Ng5 Qxg5 20. Qxg5 Bxc4 21. Ne4
$18) 18... Qe5 $16 19. Qf3 (19. Qh4 dxe3 20. Ne4 $18) 19... dxe3 $4 {Black has
let it slip away.} (19... Bd6 20. g3 Be6 $11) 20. Nd3 $18 Qd4 (20... Qe6 $142
21. Qh5 Be7 $18) 21. Qxe3 $4 {what a pity, victory was in sight.} (21. N3xb4
$142 {White has the better game} e2+ 22. Rf2 $18) 21... Qxe3+ 22. Nxe3 Bd2 {
Black threatens to win material: Bd2xe3} 23. Nd5 Nd4 (23... Be6 $5 {is an
interesting idea} 24. Rad1 Rfd8 25. Rxd2 Bxd5 $11) 24. Rad1 {White threatens
to win material: Rd1xd2} (24. Ne5 b5 25. Rad1 $16) 24... Bh6 $2 (24... Bg5 25.
Nc7 Rb8 26. Rxf7 Rxf7 27. Ne5 $14) 25. Ne7+ (25. Ne5 $142 b5 26. Nxf7 bxc4 27.
Nxh6+ gxh6 28. Rxf8+ Kxf8 29. Rxd4 $18) 25... Kh8 $4 {another bit of territory
lost} (25... Kh7 $142 $5 26. Nxc8 Be3+ 27. Kh1 Raxc8 28. Bxf7 Nc6 $16) 26. Ne5
(26. Ng6+ {makes it even easier for White} Kg8 27. Nxf8 Be3+ 28. Kh1 Bf5 $18)
26... Ne6 $4 {the pressure is too much, Black crumbles} (26... Be6 $142 27.
Bxe6 Nxe6 28. Nxf7+ Kh7 29. Nxh6 gxh6 $18) 27. N5g6+ fxg6 28. Nxg6+ Kh7 29.
Nxf8+ Nxf8 30. Rxf8 g6 (30... Be3+ {cannot undo what has already been done} 31.
Kh1 Bc5 32. Bd3+ g6 33. Rf7+ Kh6 34. Rc1 $18) 31. Rf7+ (31. Bg8+ {might be the
shorter path} Kg7 32. Rdd8 Be3+ 33. Kf1 Bc5 $18) 31... Bg7 32. Rd4 Bf5 (32...
Kh6 {the last chance for counterplay} 33. Rd8 Be6 34. Rxa8 Bxc4 35. Rxb7 Bd4+
36. Kh1 Bxa2 $18) 33. Rh4+ Kg8 34. Rxf5# 1-0

[Event "SapporoSummer2016"]
[Site "?"]
[Date "2016.07.30"]
[Round "2.1"]
[White "Sugimoto, Koichi"]
[Black "Sato, Yasuji"]
[Result "1-0"]
[WhiteElo "2040"]
[BlackElo "1630"]
[Annotator "Fritz 15 (30s)"]
[PlyCount "49"]

{D09: Albin Counter Gambit: Main line with 5 g3} 1. d4 d5 2. c4 e5 3. dxe5 d4
4. Nf3 Nc6 5. g3 f6 (5... Bb4+ 6. Nbd2 Be6 7. Bg2 Bxc4 8. O-O Bxd2 9. Qxd2 Qd7
10. b3 Bd5 11. Bb2 Nge7 12. Rfd1 Rd8 13. Qg5 O-O 14. Nxd4 h6 15. e6 hxg5 16.
exd7 Bxg2 17. Kxg2 Nb8 18. Nb5 f6 19. Nxc7 Rxd7 20. Rxd7 {Seul,G (2425)-Muse,M
(2455) Germany 1994 1-0 (63)}) 6. exf6 Qxf6 (6... Nxf6 7. Bg2 Bc5 8. O-O Bg4 9.
Nbd2 Qe7 10. a3 a5 11. Nb3 Rd8 12. Bg5 O-O 13. Qc2 h6 14. Bxf6 Rxf6 15. Rad1
Bf5 16. Qd2 d3 17. Rfe1 Qf8 18. Nxc5 Qxc5 19. Qe3 Qxc4 20. exd3 Rxd3 21. Bf1 {
Nylen,A (2242)-Johansson,C (2213) Sweden 2004 1-0}) 7. Bg2 Bg4 $146 (7... Bf5
8. O-O Bc5 9. Nbd2 a5 10. Nb3 Ba7 11. c5 Be4 12. Nbxd4 Bxc5 13. Nxc6 Bxc6 14.
Qc2 Bb6 15. Bg5 Qe6 16. Qc3 Nf6 17. Bxf6 Qxf6 18. Ne5 O-O 19. Bxc6 bxc6 20.
Qb3+ Kh8 21. Nd7 Bxf2+ 22. Kg2 {Gelpke,P (2240)-Chapman,M (2250) London 1980
1-0}) 8. O-O h6 {White has a cramped position} 9. Nbd2 O-O-O 10. a3 {White has
a cramped position. White's piece can't move: c1} Qe6 (10... Nge7 $5 $16) 11.
b4 Nf6 12. Re1 h5 13. h4 (13. Ng5 Qd7 14. Ndf3 Qe8 $18) 13... Ne7 (13... Qf7 $5
$16) 14. Ng5 $18 Qg8 15. Qa4 Kb8 16. Qb5 (16. Bb2 Bd7 17. Qb3 Be6 $18) 16... c6
(16... Bc8 17. Bb2 $16) 17. Qe5+ $18 Kc8 $2 (17... Ka8 18. Qa5 Rd7 $18) 18. Qa5
a6 (18... Rd7 {doesn't change anything anymore} 19. Qxa7 Kc7 20. Qa5+ Kb8 21.
f3 $18) 19. b5 Nd7 (19... Kd7 {hoping against hope} 20. Ndf3 Ke8 $18) 20. bxc6
Nxc6 21. Bxc6 bxc6 (21... Nc5 {what else?} 22. Rb1 Rh6 23. Bxb7+ Nxb7 24. Rxb7
Kxb7 25. Qxd8 Rd6 $18) 22. Qxa6+ Kc7 23. Qa7+ (23. Nde4 Nc5 24. Qa7+ Nb7 25.
Bf4+ Kd7 26. Qxb7+ Ke8 27. Qxc6+ Ke7 28. Bd6+ Rxd6 29. Qxd6+ Ke8 30. Qb8+ Kd7
31. Reb1 Bb4 32. Qb7+ Kd8 33. axb4 Bc8 34. Ra8 Qxc4 35. Nc5 Qc1+ 36. Rxc1 Rh6
37. Rxc8#) 23... Kc8 (23... Kd6 {praying for a miracle} 24. Qxd4+ Ke7 25. Qe3+
Be6 $18) 24. Rb1 Re8 25. Qa8+ (25. Qa8+ Kc7 26. Rb7+ Kd6 27. Qxe8 Be7 28. Nde4+
Ke5 29. Qg6 Qxc4 30. Bf4+ Kd5 31. Qf7+ Be6 32. Qxe6#) 1-0

[Event "SapporoSummer2016"]
[Site "?"]
[Date "2016.07.30"]
[Round "2.2"]
[White "Manabe, Hiroaki"]
[Black "Yamanouchi, Kento"]
[Result "0-1"]
[WhiteElo "1760"]
[BlackElo "1996"]
[Annotator "Fritz 15 (30s)"]
[PlyCount "64"]

{B34: Sicilian: Accelerated Dragon with 5 Nc3: sidelines} 1. e4 c5 2. Nf3 g6 3.
d4 cxd4 4. Nxd4 Bg7 5. Nc3 Nc6 6. Be3 Nf6 7. f3 O-O 8. Qd2 d5 9. Nxc6 bxc6 10.
exd5 Nxd5 11. Nxd5 cxd5 12. c3 e5 13. Rd1 (13. O-O-O Bb7 14. Be2 Qa5 15. Kb1
Rfd8 16. c4 Qa4 17. b3 Qe8 18. cxd5 Bxd5 19. Qa5 Bc6 20. Rxd8 Rxd8 21. Rd1
Rxd1+ 22. Bxd1 e4 23. f4 Qd7 24. Be2 Bd4 25. Qd2 Bb6 26. Qxd7 Bxd7 27. Bxb6
axb6 {Vinogradov,A (2435)-Kretov,E (2182) Rybinsk 2008 1-0 (73)}) 13... Bb7 14.
Be2 Qh4+ 15. g3 $146 (15. Bf2 Qa4 16. O-O Rfe8 17. Kh1 Qc6 18. Rfe1 Rad8 19.
Bf1 h6 20. Qc2 a6 21. Qb3 Re6 22. Rd2 Rde8 23. Qd1 Kh7 24. Rde2 f5 25. f4 exf4
26. Rxe6 Rxe6 27. Rxe6 Qxe6 28. Bd4 g5 29. b4 Kg6 {Sorri,K (2305)-Raaste,E 
(2380) Helsinki 1990 1/2-1/2 (31)}) (15. Bf2 $142 $5 {looks like a viable
alternative} Qa4 16. O-O $11) 15... Qh3 $17 16. Bf1 (16. Kf2 Rfe8 $17) 16...
Qe6 17. Kf2 Rad8 (17... Rfe8 $5 $17) 18. Bc5 $15 {White threatens to win
material: Bc5xf8} Rfe8 19. Bb5 Bc6 20. Bxc6 {White forks: d5+e8} Qxc6 21. b4 a5
22. Rhe1 axb4 23. cxb4 d4 {Black gains space} 24. Rc1 (24. Qd3 Bh6 25. Kg2 Ra8
$15) 24... Qd5 25. a4 f5 {[%cal Ye5e4] Black intends e4} 26. Ra1 $2 (26. Qd3
$142 $15 {is a viable option}) 26... e4 $19 {[%cal Yd4d3] Black prepares the
advance d3} 27. Qa2 (27. fxe4 $142 fxe4 28. Kg1 $19) 27... d3 (27... e3+ $142 {
and Black is on the road to success} 28. Kg2 d3 29. Rxe3 Qxa2+ 30. Rxa2 Bc3 $19
) 28. Qxd5+ $17 Rxd5 29. Ra2 $4 {leads to further unpleasantness} (29. fxe4
fxe4 30. Rab1 Rxc5 31. bxc5 Bd4+ 32. Kg2 $17) 29... Bc3 $19 30. Rd1 (30. fxe4
fxe4 31. Re3 Rxc5 32. bxc5 $19) 30... Rxc5 $1 {the knock-out blow} 31. bxc5 (
31. fxe4 fxe4 32. Ke3 Rf5 33. Rxd3 exd3+ 34. Kxd3 Rf3+ 35. Kc4 Re4+ 36. Kd5
Rd4+ 37. Kc6 Rf6+ 38. Kc5 Rf5+ 39. Kc6 Rc4+ 40. Kb7 Rxb4+ 41. Kc6 Rc4+ 42. Kb7
Rf1 43. Rb2 Bxb2 44. Ka6 Rb4 45. Ka5 Bc3 46. Ka6 Rfb1 47. a5 Ra4 48. h3 Rxa5#)
31... e3+ 32. Kf1 (32. Kg2 {is still a small chance} e2 33. Rxd3 $19) 32... e2+
(32... e2+ 33. Kg2 exd1=Q 34. Rf2 Bd4 35. g4 Bxf2 36. Kxf2 Qe1+ 37. Kg2 Re2+
38. Kh3 g5 39. gxf5 Qh4#) 0-1

[Event "SapporoSummer2016"]
[Site "?"]
[Date "2016.07.30"]
[Round "2.4"]
[White "Ito, Katsuhide"]
[Black "Watanabe, Katsumi"]
[Result "0-1"]
[WhiteElo "1449"]
[BlackElo "1612"]
[Annotator "Fritz 15 (30s)"]
[PlyCount "68"]

{C72: Ruy Lopez: Deferred Steinitz: 5 0-0} 1. e4 e5 2. Nf3 Nc6 3. Bb5 a6 4. Ba4
d6 5. c3 Bd7 6. O-O Nf6 7. Bc2 Be7 8. d4 O-O 9. d5 Na5 10. Nbd2 b5 11. Re1 h6
$146 {Consolidates g5} (11... c5 12. dxc6 Nxc6 13. Nf1 Re8 14. Bg5 Ng4 15. Qd2
Na5 16. b3 Qc7 17. Bxe7 Rxe7 18. Rac1 Rc8 19. Red1 Nb7 20. Bb1 Qb6 21. h3 Nf6
22. Ne3 h6 23. Nh4 g6 24. c4 b4 25. Qe2 Ree8 26. Nf3 {Kovalevskaya,E (2486)
-Obukhov,A (2444) Samara 2002 0-1 (74)}) 12. h3 {Covers g4} Nb7 13. Nf1 a5 14.
Be3 Nh7 (14... c6 15. Nh4 $11) 15. Ng3 $14 Ng5 16. Nh4 $4 {allows the opponent
back into the game} (16. Nd2 $142 $14 {would keep White alive}) 16... Nxh3+ $1
$17 {Discovered attack: g5, Be7xh4} 17. gxh3 Bxh4 18. Nf5 Bg5 19. Qg4 $2 (19.
Qd2 $142 $5 $17) 19... g6 $19 20. Bxg5 gxf5 $4 {hands over the advantage to
the opponent} (20... hxg5 $142 21. h4 gxf5 22. exf5 f6 $19) 21. exf5 $4 (21.
Bxd8+ $142 {this is the best way to fight back} fxg4 22. Bf6 $11) 21... Qxg5
$19 22. Kh2 f6 23. Rg1 Kf7 24. h4 (24. Rg3 {a fruitless try to alter the
course of the game} Nc5 $19) 24... Qxg4 25. Rxg4 Rg8 26. Rg6 Nc5 (26... Rxg6
$142 {and Black can already relax} 27. fxg6+ Kg7 28. Kg3 $19) 27. Rag1 (27.
Rxh6 {is not much help} e4 28. Rh7+ Rg7 29. Rxg7+ Kxg7 $19) 27... e4 28. Rxh6 (
28. Rxg8 {a last effort to resist the inevitable} Rxg8 29. b4 Rxg1 30. Kxg1
axb4 31. cxb4 $19) 28... Rxg1 29. Rh7+ (29. Kxg1 {is one last hope} Bxf5 30.
Rh5 $19) 29... Rg7 30. Rh6 Bxf5 31. b4 axb4 (31... Rag8 32. Rg6 Rxg6 33. Bxe4
Nxe4 34. bxa5 Rg2+ 35. Kh1 Nxf2#) 32. cxb4 Nd3 (32... Rag8 33. Rg6 Rxg6 34. Bd1
Rg2+ 35. Kh1 Rg1+ 36. Kh2 R8g2#) 33. Bd1 Rxa2 34. Bh5+ (34. Rg6 {does not
improve anything} Rxf2+ 35. Kh1 Kxg6 36. Bh5+ Kh6 37. Bg6 Bxg6 38. h5 Kxh5 39.
Kg1 e3 40. Kh1 Be4#) 34... Ke7 (34... Ke7 35. Rxf6 Rxf2+ 36. Kh1 Kxf6 37. Bg6
Rxg6 38. h5 Rg4 39. h6 e3 40. h7 Be4#) 0-1

[Event "SapporoSummer2016"]
[Site "?"]
[Date "2016.07.30"]
[Round "2.5"]
[White "Kanamaru, Tomoji"]
[Black "Yamamoto, Eisei"]
[Result "1-0"]
[WhiteElo "1586"]
[BlackElo "1554"]
[Annotator "Fritz 15 (30s)"]
[PlyCount "59"]

{B12: Caro-Kann: Advance Variation} 1. e4 c6 2. d4 d5 3. e5 Bf5 4. Nf3 e6 5.
Be2 c5 6. c3 Ne7 7. O-O Nec6 8. Be3 Nd7 9. h3 $146 {Prevents intrusion on g4} (
9. a3 a5 (9... c4 10. Nbd2 b5 11. Ne1 h5 12. g3 Bh3 13. Ng2 g6 14. Re1 Bxg2 15.
Kxg2 Rb8 16. h3 a5 17. Nf3 Be7 18. Qd2 Nb6 19. Ng5 Kf8 20. g4 hxg4 21. hxg4 Kg7
22. Rh1 Qd7 23. Bf4 Rbf8 24. Qe3 {Short,N (2635)-Ljubojevic,L (2590) Amsterdam
1991 1-0 (43)}) 10. Bd3 Bxd3 11. Qxd3 Be7 12. Nbd2 O-O 13. Rfe1 Re8 14. g3 Qc7
15. h4 b5 16. h5 a4 17. h6 g6 18. Bg5 Bf8 19. Nf1 b4 20. cxb4 cxb4 21. N1h2
bxa3 22. bxa3 Reb8 23. Rec1 Nb6 {Cole,J (2323)-Mills,J (2163) Indianapolis
2006 1-0 (52)}) (9. Nbd2 Be7 (9... Rc8 10. a3 Be7 11. b4 cxd4 12. cxd4 O-O 13.
Rc1 Qb6 14. Nb3 Bg4 15. Qd2 Bxf3 16. gxf3 Ncb8 17. f4 g6 18. Rc2 Rxc2 19. Qxc2
Qc6 20. Qd3 Qa4 21. Na5 Nb6 22. Rc1 Qd7 23. Qb5 Nc6 24. Nxc6 {Karthikeyan,M 
(2509)-Tari,A (2518) Khanty-Mansiysk 2015 1/2-1/2 (52)}) (9... cxd4 10. cxd4
Be7 11. a3 O-O 12. b4 a6 13. Rc1 a5 14. b5 Na7 15. a4 Rc8 16. Qb3 b6 17. Qb2 h6
18. Rxc8 Qxc8 19. Rc1 Qb7 20. Ne1 Rc8 21. Nd3 Rxc1+ 22. Qxc1 Qc8 23. Qb2 h5 24.
g3 {Cheparinov,I (2673)-Bulmaga,I (2370) Golden Sands 2012 1-0 (40)}) 10. dxc5
Nxc5 11. Nb3 Nd7 12. Nfd4 Ndxe5 13. Nxf5 exf5 14. Nd4 Qd7 15. Nxc6 Nxc6 16. Qb3
d4 17. Rad1 O-O 18. Bxd4 Nxd4 19. Rxd4 Qc7 20. Bf3 Bc5 21. Rd5 g6 22. Qb5 Bd6
23. g3 Rad8 {Sjugirov,S (2643)-Maletin,P (2584) Olginka 2011 1/2-1/2 (56)})
9... Be7 10. Re1 O-O 11. Nbd2 Rc8 12. Nf1 cxd4 13. cxd4 (13. Nxd4 $5 {is
interesting} Bg6 14. f4 $11) 13... Nb4 $17 14. Ng3 Bg6 15. Rf1 Nc2 16. Rc1 Qb6
17. Bf4 Rc6 18. Bd3 (18. h4 h6 19. h5 $17) 18... Rfc8 (18... Nxd4 $142 $5 19.
Rxc6 Nxc6 20. Bxg6 fxg6 $19) 19. Bxg6 $15 hxg6 20. Rb1 Rc4 {[%cal Rb6d4,Rc2d4,
Rc4d4,Gd1d4,Gf3d4] Can d4 get defended?} (20... Qa5 21. a3 $11) 21. Ne2 Nb8 (
21... a6 22. Bd2 $11) 22. Bd2 Nc6 $4 {[%cal Rb6d4,Rc2d4,Rc4d4,Rc6d4,Ge2d4,
Gf3d4] Pawn d4, live or die!} (22... a6 $5 $11) 23. Bc3 $4 {White is ruining
his position} (23. b3 {keeps an even firmer grip} N2xd4 24. bxc4 Nxf3+ 25. gxf3
Qa6 26. cxd5 Nxe5 $18) 23... Qa6 $2 (23... N2b4 24. a3 Na2 $16) 24. Qxc2 $18
Nb4 25. Qd2 Qb6 (25... Nxa2 26. Ra1 Ra4 27. Qd1 $18) 26. a3 Nc6 (26... Na2 27.
Qd3 Nxc3 28. Nxc3 $18) 27. Rfc1 f6 (27... Ra4 $18 {there is nothing else anyway
}) 28. b3 Bxa3 (28... Rxc3 {otherwise it's curtains at once} 29. Rxc3 g5 $18)
29. bxc4 Bxc1 30. Qxc1 (30. Qxc1 Qa6 31. exf6 $18) 1-0

[Event "SapporoSummer2016"]
[Site "?"]
[Date "2016.07.30"]
[Round "3.1"]
[White "Yamanouchi, Kento"]
[Black "Sugimoto, Koichi"]
[Result "1/2-1/2"]
[WhiteElo "1996"]
[BlackElo "2040"]
[Annotator "Fritz 15 (30s)"]
[PlyCount "78"]

{D04: Colle System} 1. Nf3 d5 2. b3 Nf6 3. Bb2 g6 4. e3 Bg7 5. Be2 O-O 6. d4 (
6. c4 e6 7. O-O b6 8. Nc3 Bb7 9. Qc2 Nbd7 10. Rac1 a6 11. Rfd1 dxc4 12. bxc4 c5
13. a4 Qc7 14. Ne1 Ne5 15. h3 Nc6 16. d3 Rfd8 17. Ba3 Ne8 18. Rb1 Rab8 19. Bf3
Nd6 20. Ne2 Nf5 {Maghsoodloo,P (2321)-Shimanov,A (2624) Baku 2014 1/2-1/2})
6... c5 7. dxc5 $146 (7. O-O Ne4 8. Nbd2 Nc6 9. c4 Bf5 10. Rc1 cxd4 11. Nxe4 d3
12. Nc3 dxc4 13. e4 Bxe4 14. Nxe4 Bxb2 15. Rxc4 dxe2 16. Qxe2 Bg7 17. Rd1 Qb6
18. Nc5 Rad8 19. Rdc1 Rd6 20. h4 Rfd8 21. h5 gxh5 {Gonzalez Rodriguez,J (2365)
-Garcia Ilundain,D (2495) Barcelona 1998 0-1 (32)}) 7... Qa5+ {Black forks: c5}
8. Nbd2 Qxc5 9. O-O Nc6 10. c4 Rd8 11. Rc1 Qa5 12. a4 (12. a3 dxc4 13. b4 Qf5
14. Rxc4 Be6 $11) 12... dxc4 13. Rxc4 (13. Bc3 Qf5 $11) 13... Be6 $15 {Black
threatens to win material: Be6xc4} 14. Bc3 {White threatens to win material:
Bc3xa5} Qb6 (14... Qc7 15. Rh4 $15) 15. Rh4 $11 h6 {Secures g5} 16. Nd4 (16.
Qa1 Qc7 17. Ne4 g5 18. Bxf6 exf6 19. Rxh6 Bxh6 20. Nxf6+ Kf8 21. Nh7+ Kg8 22.
Nf6+ Kf8 23. Nh7+ Kg8 24. Nf6+ $11) 16... Bd5 (16... Nd5 $142 $5 17. Bb2 Nxd4
18. exd4 Bf6 $17) 17. Qa1 $11 Nxd4 {Black forks: b3+e2} 18. Rxd4 Qc6 19. Rc1
Rac8 20. Bb2 Qe6 21. Rxc8 Rxc8 22. Bc4 Bxc4 23. Rxc4 Rd8 {Black threatens to
win material: Rd8xd2} 24. Nf3 Qb6 25. b4 Kh7 26. h3 {Controls g4} Qd6 27. Rd4
Qc7 28. Rxd8 Qxd8 29. Bd4 a6 30. b5 {White wins space} Ne8 31. Bxg7 Nxg7 32.
bxa6 bxa6 33. Qd4 {White threatens to win material: Qd4xd8} Qc7 34. Qb2 a5 35.
Nd4 Qc4 36. Qc2 Qxc2 37. Nxc2 {A knight endgame occured} Ne6 38. Na3 Nc5 {
Black threatens to win material: Nc5xa4} 39. Nc4 Nxa4 1/2-1/2